ბათუმის შოთა რუსთაველის სახელმწიფო უნივერსიტეტის ბიბლიოთეკა

История государства и права зарубежных стран (ბიბ.ჩანაწერი № 36055)

000 -LEADER
fixed length control field 00700nam a2200241Ia 4500
001 - CONTROL NUMBER
control field 1955
003 - CONTROL NUMBER IDENTIFIER
control field GE_BSU
008 - FIXED-LENGTH DATA ELEMENTS--GENERAL INFORMATION
fixed length control field 181216s||||||||xx |||||||||||||| ||und||
020 ## - INTERNATIONAL STANDARD BOOK NUMBER
International Standard Book Number 9785951602336
040 ## - CATALOGING SOURCE
Transcribing agency GE_BSU
080 ## - UNIVERSAL DECIMAL CLASSIFICATION NUMBER
Universal Decimal Classification number 340.15(1-87)(075.8)
100 ## - MAIN ENTRY--PERSONAL NAME
Personal name Косарев,А.И.
245 ## - TITLE STATEMENT
Title История государства и права зарубежных стран
245 ## - TITLE STATEMENT
Remainder of title Учубник
250 ## - EDITION STATEMENT
Edition statement Изд. 2-е
260 ## - PUBLICATION, DISTRIBUTION, ETC.
Place of publication, distribution, etc. Москва
260 ## - PUBLICATION, DISTRIBUTION, ETC.
Name of publisher, distributor, etc. Юриспруденция
260 ## - PUBLICATION, DISTRIBUTION, ETC.
Date of publication, distribution, etc. 2007
300 ## - PHYSICAL DESCRIPTION
Extent 376стр. 19см.
653 ## - INDEX TERM--UNCONTROLLED
Uncontrolled term История государства и права зарубежных стран
942 ## - ADDED ENTRY ELEMENTS (KOHA)
Koha item type წიგნი
ეგზემპლარები
Withdrawn status Lost status Damaged status Not for loan Date acquired Barcode Date last seen Price effective from Koha item type
        2018-12-17 3812 2018-12-17 2018-12-17 წიგნი